000 00581nam a22001817a 4500
003 OSt
005 20201016135637.0
008 201008b 1990 00| 0 eng d
040 _aDO-SdBNP
_bspa
_cBNPHU
100 1 _aDescartes, Renato
_976805
245 1 0 _aDiscurso del método /
_c Renato Descartes ; traducción y notas de Constantino Láscaris.
250 _a2a ed.
260 _aSanto Domingo :
_bAlfa & Omega,
_c1990.
300 _a92 p.
_c17 cm.
500 _aIncluye notas al pie de páginas
700 1 _aLáscaris, Constantino,
_etraducción
_976806
942 _2ddc
_cLF1
999 _c48845
_d48845